00899nam a2200217 i 4500001001000000003000900010005001700019007000300036008004100039040003000080082001400110100004000124245015300164264005700317300002500374336002700399337003300426338002800459500015700487700003700644000029110DO-SdBNP20250120091142.0ta110413s1985 dr 000 | spa d aDO-SdBNPbspacBNPHUerda bB142e2221 aBáez Evertsz, Franc ,d 1948-201613aLa emigración de dominicanos a Estados Unidos :bdeterminantes socio-económicos y consecuencias /cFranc Báez Evertsz, Frank D'Oleo Ramírez. 1aSanto Domingo :bFundación Friedrich Ebert,c1985. a48 páginasc21 cm. 2rdacontentatextobtxt 2rdamediaasin mediaciónbn 2rdacarrieravolumenbnc aLa presente publicación es el resumen de una investigación, auspiciada por la Fundación Friedrich Ebert, la cual será publicada próximamente. 1 aD'Oleo Ramírez, Frankeautor.